000 01453nam a2200337 c 4500
001 59878
003 CO-BoRNBP
005 20251107220506.0
007 ta
008 180109s2017 sp ao er 000 0dspa d
020 _a9788498745634
040 _aCO-BoRNBP
_bspa
_erda
_cCO-BoRNBP
041 _aspa
082 0 4 _a686.3
_bG64g
_222
100 1 _aGolden, Alisa
_d1962-
_eaut
_967024
245 1 3 _aEl gran libro de la encuadernación :
_bmás de 100 encuadernaciones artesanales /
_cAlisa Golden ; traducción Ana María Aznar.
250 _aPrimera edición
264 1 _aMadrid, España :
_bEditorial El Drac,
_c2017
300 _a256 páginas :
_bilustraciones, fotografías a color
336 _atexto
_btxt
_2rdacontent
337 _asin mediación
_bn
_2rdamedia
338 _avolumen
_bnc
_2rdacarrier
500 _aIncluye índice alfabético
505 0 _a1. Materiales y métodos 2. Libros doblados 3. Simplemente pegado 4. Simplemente cosido 5. Rollos y acordeones 6. Libros con movimiento 7. Códices 8. Variaciones de códices 9. Sobres y carpetas 10. Técnicas de cubiertas 11. Cajas y estuches 12. Ideas y conceptos
521 _aRecomendado para un público adulto
545 _aIncluye datos biográficos de los autores al final del texto
650 0 7 _aEncuadernación
_xEstrategia y técnica
_2LEMB
_967025
650 0 7 _aTécnicas de cubierta
_2lemb
_967026
700 _aAznar, Ana María
_etrl
_959989
942 _2ddc
_cBK
999 _c59878
_d59878